| 000 | 01463nam a2200217Ia 4500 | ||
|---|---|---|---|
| 003 | Ost | ||
| 005 | 20260507075257.0 | ||
| 008 | 260507s9999||||xx |||||||||||||| ||und|| | ||
| 040 | _cfsecg | ||
| 041 | _aara | ||
| 082 | _a330 | ||
| 100 |
_aشهاب، مجدي محمود _eمؤلف |
||
| 245 | 0 |
_aالاقتصاد الدولي المعاصر : _bنظرية التجار الدولية ، النظام الجديد للتجارة العالمية ، أهم مشكلات الاقتصاد الدولي المعاصر / _c مجدي محمود شهاب |
|
| 260 |
_aالاسكندرية: _bدار الجامعة الجديدة, _c2007 |
||
| 300 |
_a409 صفحة؛ _bإيضاحات ؛ _c25 سم |
||
| 520 | _aالنظرية التقليدية و النظرية الحديثة في التجارة الدولية ، أهداف و أدوات السياسة التجارية و النظام الجديد للتجارة العالمية (الجات) و آثار النظام الجديد للتجارة الدولية في التنمية العربية ، العلاقات النقدية و المالية الدولية : ميزان المدفوعات ، نظرية الصرف ، المدفوعات الدولية و أهم مشكلات الاقتصاد الدولي المعاصر . | ||
| 653 | _aالاقتصاد الدولي | ||
| 653 | _aالتجارة الدولية | ||
| 653 | _aالنظام الإقتصادي العالمي الجديد | ||
| 942 | _cكتاب | ||
| 999 |
_c43755 _d43755 |
||